000 00391nam a2200133Ia 4500
008 220216s9999 xx 000 0 und d
100 _aBriggs G J
245 0 _aUtility of labile crosslinked SBR in radial tires
260 _bProceedings of the International Rubber Conference, Venice, 1979; p627-637
650 _aRadial tires
700 _aHolmes J M
700 _aWei Y K
942 _cJS
999 _c72023
_d72023